L'Arquitectura del territori : planejament territorial i mediambiental de la Diputació de Barcelona : pla d' objectius 1992-1995 planejament territorial i mediambiental de la Diputació de Barcelona :
ISBN:
84-7794-239-0
Descripción Física:
335 p. : il., col. ; 30 cm + 1 disquet informàtic
MARC
| LEADER | 00000nam a2200000Ia 4500 | ||
|---|---|---|---|
| 001 | 10208 | ||
| 008 | 160829s1993 xx 000 0 cat d | ||
| 020 | |a 84-7794-239-0 | ||
| 080 | |a C-1-35 | ||
| 110 | 1 | |a Barcelona (Catalunya : Província). |b Àrea d'Agricultura i Medi Natural |9 55979 | |
| 245 | |a L'Arquitectura del territori : |b planejament territorial i mediambiental de la Diputació de Barcelona : |b pla d' objectius 1992-1995 | ||
| 260 | |a Barcelona : |b Diputació de Barcelona, Àrea d' Agricultura i Medi Natural, |c 1993 | ||
| 300 | |a 335 p. : |b il., col. ; |c 30 cm + 1 disquet informàtic | ||
| 650 | 0 | |a Ordenació del territori |z Barcelona (Província) |9 45062 | |
| 650 | |a Medi ambient |x Planificació |x Barcelona (Província) |9 39641 | ||
| 710 | 1 | |a Barcelona (Catalunya : Província). |b Àrea d'Agricultura i Medi Natural |9 55979 | |
| 901 | |a Arxiu | ||
| 942 | |n 1 | ||
| 952 | |0 0 |1 0 |4 0 |6 C135 |7 1 |9 42471 |a Arxiu |b Arxiu |d 2016-12-01 |l 0 |o C-1-35 |p 10208 |r 2016-12-01 00:00:00 |w 2016-12-01 |y ARXIU | ||
| 999 | |c 44976 |d 44976 | ||